Landkreise & kreisfreie Städte in Niedersachsen - Statistiken

Allgemein
  • Dieses Quiz wurde 71 mal gespielt
  • Das Durchschnittsergebnis liegt bei 35 aus 45
Antwortstatistiken
Landkreis /
kreisfreie Stadt
Kreisstadt Kfz-Zeichen % Korrekt
Cuxhaven C....... CUX
98%
Celle C.... CE
97%
Emden - EMD
95%
Cloppenburg C.......... CLP
93%
Hannover H....... H
93%
Aurich A..... AUR, NOR
90%
Braunschweig - BS
90%
Delmenhorst - DEL
90%
Oldenburg Wildeshausen OL
90%
Oldenburg (Stadt) - OL
90%
Osnabrück O........ OS, BSB, MEL, WTL
90%
Osnabrück (Stadt) - OS
90%
Wolfsburg - WOB
88%
Göttingen G........ GÖ, DUD, HMÜ, OHA
86%
Vechta V..... VEC
84%
Helmstedt H........ HE
83%
Leer L... LER
83%
Emsland Meppen EL
81%
Friesland Jever FRI
81%
Salzgitter - SZ
81%
Stade S.... STD
81%
Goslar G..... GS, BRL, CLZ
79%
Hildesheim H......... HI, ALF
79%
Uelzen U..... UE
79%
Verden V..... VER
79%
Wilhelmshaven - WHV
79%
Gifhorn G...... GF
78%
Peine P.... PE
78%
Lüneburg L....... LG
76%
Nienburg/Weser N....... NI
76%
Rotenburg (Wümme) R........(W....) ROW, BRV
76%
Wittmund W....... WTM
76%
Hameln-Pyrmont H..... HM
74%
Osterholz O........-Scharmbeck OHZ
74%
Holzminden H......... HOL
72%
Wolfenbüttel W........... WF
69%
Heidekreis Bad Fallingbostel HK
67%
Lüchow-Dannenberg L.....(Wendland) DAN
60%
Diepholz D....... DH, SY
59%
Wesermarsch Brake (Unterweser) BRA
57%
Northeim N....... NOM, EIN, GAN
55%
Ammerland Westerstede WST
53%
Grafschaft Bentheim Nordhorn NOH
52%
Harburg Winsen (Luhe) WL
48%
Schaumburg Stadthagen SHG, RI
48%
Keine übereinstimmenden Quizze gefunden
Verteilung der Resultate
Anzahl Personen mit jedem Resultat
Perzentil nach korrekt beantworteten Fragen
Ihre Resultats-Entwicklung
Sie haben dieses Quiz noch nicht gespielt